| 000 | 00610nam a22001937a 4500 | ||
|---|---|---|---|
| 003 | LK-CoMWRAF | ||
| 005 | 20231109102045.0 | ||
| 008 | 230818b2008 |||||||| |||| 00| 0 eng d | ||
| 020 | _a9781847011022 | ||
| 040 |
_aLK-CoMWRAF _dLK-CoMWRAF _eLK-CoMWRAF |
||
| 082 |
_a303.66 _bBET |
||
| 245 |
_aBetween war & peace in Sudan & Sri Lanka _b: deprivation & livelihood revival |
||
| 260 |
_aOxford _bJames Currey _c2008 |
||
| 300 |
_axi, 194 p. : ill., map ; 23 cm. _bIndex included |
||
| 650 | _aSri Lanka-History-Civil War | ||
| 650 | _aSudan-History-Civil War | ||
| 700 |
_aShanmugaratnam, N _eed. |
||
| 942 | _cBK | ||
| 999 |
_c3205 _d3205 |
||